Программа курса "Физическая химия": для высших учебных заведений по химико-технологическим специальностям

Bibliographic Details
Other Authors: Котов П. П. (редактор)
Language:Russian
Published: Москва, Высшая школа, 1968
Subjects:
Format: Book
KOHA link:https://koha.lib.tpu.ru/cgi-bin/koha/opac-detail.pl?biblionumber=184162

MARC

LEADER 00000nam0a2200000 4500
001 184162
005 20231101223827.0
035 |a (RuTPU)RU\TPU\book\199646 
090 |a 184162 
100 |a 20100827d1968 m y0rusy50 ca 
101 0 |a rus 
102 |a RU 
105 |a y j 001zy 
200 1 |a Программа курса "Физическая химия"  |e  для высших учебных заведений по химико-технологическим специальностям  |f под ред. П. П. Котова 
210 |a Москва  |c Высшая школа  |d 1968 
215 |a 13 с. 
320 |a Библиогр.: с. 13. 
606 1 |a Физическая химия  |2 stltpush  |3 (RuTPU)RU\TPU\subj\67669  |9 83390 
610 1 |a вещество 
610 1 |a химическая термодинамика 
610 1 |a электрохимия 
610 1 |a строение 
675 |a 544(07)  |v 3 
702 1 |a Котов  |b П. П.  |4 340 
801 1 |a RU  |b 63413507  |c 20100827 
801 2 |a RU  |b 63413507  |c 20150924  |g RCR 
942 |c BK